<?xml version="1.0" encoding="UTF-8"?>
<record
    xmlns:xsi="http://www.w3.org/2001/XMLSchema-instance"
    xsi:schemaLocation="http://www.loc.gov/MARC21/slim http://www.loc.gov/standards/marcxml/schema/MARC21slim.xsd"
    xmlns="http://www.loc.gov/MARC21/slim">

  <leader>01889nam a2200361 a 4500</leader>
  <controlfield tag="001">000006101</controlfield>
  <controlfield tag="003">OSt</controlfield>
  <controlfield tag="005">20260310122405.0</controlfield>
  <controlfield tag="008">090826s1998    dr            000 0 spa d</controlfield>
  <datafield tag="040" ind1=" " ind2=" ">
    <subfield code="a">DO-SdBNP</subfield>
    <subfield code="b">spa</subfield>
    <subfield code="c">DO-SdBNP</subfield>
  </datafield>
  <datafield tag="082" ind1=" " ind2="4">
    <subfield code="a">346.0482</subfield>
    <subfield code="b">D431p</subfield>
    <subfield code="2">22</subfield>
  </datafield>
  <datafield tag="245" ind1="0" ind2="0">
    <subfield code="a">Derecho de la propiedad intelectual /</subfield>
    <subfield code="c">Jaime Angeles ...[et. al.].</subfield>
  </datafield>
  <datafield tag="260" ind1=" " ind2=" ">
    <subfield code="a">Santo Domingo :</subfield>
    <subfield code="b">FINJUS,</subfield>
    <subfield code="c">1998.</subfield>
  </datafield>
  <datafield tag="300" ind1=" " ind2=" ">
    <subfield code="a">126 p. ;</subfield>
    <subfield code="c">23 cm.</subfield>
  </datafield>
  <datafield tag="490" ind1="1" ind2=" ">
    <subfield code="a">Seminarios</subfield>
  </datafield>
  <datafield tag="500" ind1=" " ind2=" ">
    <subfield code="a">Ponencias presentadas en el Seminario de Propiedad Intelectual, celebrado el 30 de mayo de 1998 por la FINJUS con los coauspicios de la PUCMM y ADOPI.</subfield>
  </datafield>
  <datafield tag="505" ind1="0" ind2=" ">
    <subfield code="g">Pr&#xF3;logo /</subfield>
    <subfield code="r">Mary Fern&#xE1;ndez --</subfield>
    <subfield code="t">Palabras de apertura del seminario /</subfield>
    <subfield code="r">V&#xED;ctor Villegas --</subfield>
    <subfield code="t">Los signos distintivos /</subfield>
    <subfield code="r">Tania Castillo --</subfield>
    <subfield code="t">Las invenciones /</subfield>
    <subfield code="r">Mar&#xED;a F&#xE9;lix Troncoso --</subfield>
    <subfield code="t">Los derechos conferidos por la patente de invenci&#xF3;n /</subfield>
    <subfield code="r">Zaida Lugo Lovat&#xF3;n --</subfield>
    <subfield code="t">Los signos distintivos y las patentes en el ADPIC /</subfield>
    <subfield code="r">Rosa Campillo --</subfield>
    <subfield code="t">El derecho de autor y conexos en la Rep&#xFA;blica Dominicana. Generalidades de la Ley 32-86 /</subfield>
    <subfield code="r">Pedro F&#xE9;liz --</subfield>
    <subfield code="t">Delitos contra la propiedad intelectual /</subfield>
    <subfield code="r">Orlando Jorge Mera --</subfield>
    <subfield code="t">El proyecto de Ley de Propiedad Intelectual /</subfield>
    <subfield code="r">Jaime Angeles --</subfield>
    <subfield code="t">Relator&#xED;a y conclusiones del seminario /</subfield>
    <subfield code="r">Mary Fern&#xE1;ndez.</subfield>
  </datafield>
  <datafield tag="590" ind1=" " ind2=" ">
    <subfield code="a">Inventariado, 2018/LP</subfield>
  </datafield>
  <datafield tag="650" ind1=" " ind2="7">
    <subfield code="a">Derechos de autor</subfield>
    <subfield code="x">Ensayos, conferencias, etc.</subfield>
    <subfield code="9">17181</subfield>
    <subfield code="2">Lemb</subfield>
  </datafield>
  <datafield tag="650" ind1=" " ind2="0">
    <subfield code="a">Patentes de invenci&#xF3;n</subfield>
    <subfield code="9">17182</subfield>
  </datafield>
  <datafield tag="700" ind1="1" ind2=" ">
    <subfield code="a">Angeles, Jaime</subfield>
    <subfield code="9">17183</subfield>
  </datafield>
  <datafield tag="700" ind1="1" ind2=" ">
    <subfield code="a">Campillo, Rosa</subfield>
    <subfield code="9">17184</subfield>
  </datafield>
  <datafield tag="700" ind1="1" ind2=" ">
    <subfield code="a">Castillo, Tania</subfield>
    <subfield code="9">17185</subfield>
  </datafield>
  <datafield tag="700" ind1="1" ind2=" ">
    <subfield code="a">F&#xE9;lix Troncoso, Mar&#xED;a</subfield>
    <subfield code="9">17186</subfield>
  </datafield>
  <datafield tag="700" ind1="1" ind2=" ">
    <subfield code="a">F&#xE9;liz, Pedro</subfield>
    <subfield code="9">17187</subfield>
  </datafield>
  <datafield tag="700" ind1="1" ind2=" ">
    <subfield code="a">Fern&#xE1;ndez, Mary</subfield>
    <subfield code="9">17188</subfield>
  </datafield>
  <datafield tag="700" ind1="1" ind2=" ">
    <subfield code="a">Jorge Mera, Orlando</subfield>
    <subfield code="9">17189</subfield>
  </datafield>
  <datafield tag="700" ind1="1" ind2=" ">
    <subfield code="a">Lugo Lovat&#xF3;n, Zaida</subfield>
    <subfield code="9">17190</subfield>
  </datafield>
  <datafield tag="700" ind1="1" ind2=" ">
    <subfield code="a">Villegas, V&#xED;ctor</subfield>
    <subfield code="9">7744</subfield>
  </datafield>
  <datafield tag="830" ind1=" " ind2="0">
    <subfield code="a">Seminarios</subfield>
    <subfield code="9">9809</subfield>
  </datafield>
  <datafield tag="910" ind1=" " ind2=" ">
    <subfield code="a">Validado. Control de calidad EMS</subfield>
  </datafield>
  <datafield tag="942" ind1=" " ind2=" ">
    <subfield code="2">ddc</subfield>
    <subfield code="c">LF1</subfield>
  </datafield>
  <datafield tag="952" ind1=" " ind2=" ">
    <subfield code="0">0</subfield>
    <subfield code="1">0</subfield>
    <subfield code="2">ddc</subfield>
    <subfield code="5">1</subfield>
    <subfield code="7">1</subfield>
    <subfield code="8">PD</subfield>
    <subfield code="a">BNPHU</subfield>
    <subfield code="b">GR</subfield>
    <subfield code="c">OI</subfield>
    <subfield code="d">2019-07-18</subfield>
    <subfield code="l">0</subfield>
    <subfield code="o">BNPHU DS 346.0482 D431p</subfield>
    <subfield code="p">2021-1671</subfield>
    <subfield code="r">2020-06-25</subfield>
    <subfield code="w">2020-06-25</subfield>
    <subfield code="y">LFPD</subfield>
  </datafield>
  <datafield tag="952" ind1=" " ind2=" ">
    <subfield code="0">0</subfield>
    <subfield code="1">0</subfield>
    <subfield code="2">ddc</subfield>
    <subfield code="5">1</subfield>
    <subfield code="7">1</subfield>
    <subfield code="8">PD</subfield>
    <subfield code="a">BNPHU</subfield>
    <subfield code="b">PD</subfield>
    <subfield code="c">HD</subfield>
    <subfield code="d">2009-08-26</subfield>
    <subfield code="l">0</subfield>
    <subfield code="o">BNPHU PD 346.0482 D431p</subfield>
    <subfield code="p">6101-10</subfield>
    <subfield code="r">2020-06-25</subfield>
    <subfield code="w">2020-06-25</subfield>
    <subfield code="y">LFPD</subfield>
  </datafield>
  <datafield tag="952" ind1=" " ind2=" ">
    <subfield code="0">0</subfield>
    <subfield code="1">0</subfield>
    <subfield code="2">ddc</subfield>
    <subfield code="5">3</subfield>
    <subfield code="7">2</subfield>
    <subfield code="8">PD</subfield>
    <subfield code="a">BNPHU</subfield>
    <subfield code="b">PD</subfield>
    <subfield code="c">HD</subfield>
    <subfield code="d">2010-03-25</subfield>
    <subfield code="e">FIU</subfield>
    <subfield code="l">0</subfield>
    <subfield code="o">BNPHU PD 346.0482 D431p</subfield>
    <subfield code="p">6101-20</subfield>
    <subfield code="r">2020-06-25</subfield>
    <subfield code="t">e.2</subfield>
    <subfield code="w">2020-06-25</subfield>
    <subfield code="y">LFPD</subfield>
  </datafield>
  <datafield tag="999" ind1=" " ind2=" ">
    <subfield code="c">5897</subfield>
    <subfield code="d">5897</subfield>
  </datafield>
</record>
